From Adam Smith to Michael Porter evolution of competitiveness theory

Salvato in:
Dettagli Bibliografici
Autore principale: Cho, Dong-Sung
Altri autori: Moon, Hwy-Chang
Natura: Libro
Lingua:inglese
Pubblicazione: Singapore World Scientific 2002
Serie:Asia-Pacific business series Vol. 2
Soggetti:
Tags: Aggiungi Tag
Nessun Tag, puoi essere il primo ad aggiungerne!!

MARC

LEADER 00000nam$a2200000$$$4500
001 0036266
005 20240314085733.4
020 |a 981-02-4662-5 
041 0 |a eng 
044 |a SG 
245 1 0 |a From Adam Smith to Michael Porter  |b evolution of competitiveness theory  |c Dong-Sung Cho, Hwy-Chang Moon 
264 1 |a Singapore  |b World Scientific  |c 2002 
300 |a 223 s. 
490 1 |a Asia-Pacific business series  |v Vol. 2 
830 0 |a Asia-Pacific business series  |v Vol. 2 
610 2 0 |a teórie ekonomické 
610 2 0 |a konkurencieschopnosť 
610 2 0 |a vývoj 
610 2 0 |a teória konkurencie 
610 2 0 |a blahobyt 
610 2 0 |a obchod 
610 2 0 |a modely 
610 2 0 |a osobnosť 
610 2 0 |a Smith, A. 
610 2 0 |a Porter, M. 
100 1 |a Cho, Dong-Sung 
700 1 |a Moon, Hwy-Chang